Every Song by OneRepublic - Statistics

General Stats
  • This quiz has been taken 15 times
  • The average score is 28 of 90
Answer Stats
Album Song % Correct
Native(2013) Counting Stars
91%
Dreaming Out Loud(2007) Apologize
73%
Oh My My(2016) Dream
73%
Oh My My(2016) Human
73%
Non-Album(2022) I Ain't Worried
73%
Waking Up(2009) Waking Up
73%
Dreaming Out Loud(Bonus)(2007) Dreaming Out Loud
64%
Native(2013) I Lived
64%
Oh My My(2016) Oh My My
64%
Waking Up(2009) All the Right Moves
55%
Waking Up(2009) Good Life
55%
Native(Re-release)(2014) Love Runs Out
55%
Waking Up(2009) Secrets
55%
Non-Album(2021) Sunshine
55%
Oh My My(2016) Better
45%
Human(2021) Better Days
45%
Human(2021) Run
45%
Native(2013) Au Revoir
36%
Native(2013) Feel Again
36%
Dreaming Out Loud(2007) Goodbye, Apathy
36%
Native(2013) If I Lose Myself
36%
Oh My My(2016) Kids
36%
Dreaming Out Loud(2007) Say (All I Need)
36%
Human(Bonus)(2021) Ships
36%
Native(2013) Something I Need
36%
Dreaming Out Loud(2007) Stop and Stare
36%
Human(Bonus)(2021) Tides
36%
Non-Album(2022) West Coast
36%
Native(2013) What You Wanted
36%
Oh My My(2016) A.I.
27%
Oh My My(2016) All These Things
27%
Waking Up(2009) All This Time
27%
Dreaming Out Loud(2007) All We Are
27%
Oh My My(2016) Born
27%
Native(2013) Burning Bridges
27%
Native(2013) Can't Stop
27%
Dreaming Out Loud(2007) Come Home
27%
Non-Album(2018) Connection
27%
Human(2021) Distance
27%
Waking Up(2009) Everybody Loves Me
27%
Oh My My(2016) Fingertips
27%
Oh My My(2016) Future Looks Good
27%
Oh My My(2016) Heaven
27%
Oh My My(2016) Let's Hurt Tonight
27%
Native(2013) Light It Up
27%
Waking Up(2009) Lullaby
27%
Waking Up(2009) Made for You
27%
Waking Up(2009) Marchin On
27%
Waking Up(2009) Missing Persons 1 & 2
27%
Non-Album(2017) No Vacancy
27%
Native(2013) Preacher
27%
Human(2021) Savior
27%
Human(2021) Someday
27%
Native(Re-release)(2014) Something's Gotta Give
27%
Non-Album(2018) Start Again
27%
Human(2021) Take It Out on Me
27%
Dreaming Out Loud(Bonus)(2007) Trap Door
27%
Dreaming Out Loud(2007) Tyrant
27%
Human(2021) Wanted
27%
Oh My My(2016) Wherever I Go
27%
Human(Bonus)(2021) Wild Life
27%
Dreaming Out Loud(2007) All Fall Down
18%
Oh My My(2016) Choke
18%
Non-Album(2011) Christmas Without You
18%
Oh My My(Bonus)(2016) Colors
18%
Human(2021) Didn't I
18%
Native(2013) Don't Look Down
18%
Waking Up(2009) Fear
18%
Dreaming Out Loud(Bonus)(2007) Hearing Voices
18%
Waking Up(Bonus)(2009) It's a Shame
18%
Native(Re-release)(2014) Life in Color
18%
Dreaming Out Loud(2007) Mercy
18%
Oh My My(2016) NbHD
18%
Human(2021) Rescue Me
18%
Non-Album(2017) Rich Love
18%
Waking Up(Bonus)(2009) Sleep
18%
Human(2021) Somebody to Love
18%
Dreaming Out Loud(2007) Someone to Save You
18%
Waking Up(Bonus)(2009) Sucker Punch
18%
Human(2021) Take Care of You
18%
Oh My My(Bonus)(2016) The Less I Know
18%
Non-Album(2017) Truth to Power
18%
Dreaming Out Loud(2007) Won't Stop
18%
Non-Album(2022) You Were Loved
18%
Non-Album(2017) Born to Race
9%
Human(2021) Forgot About You
9%
Oh My My(2016) Lift Me Up
9%
Waking Up(Bonus)(2009) Passenger
9%
Dreaming Out Loud(2007) Progidal
9%
Dreaming Out Loud(Bonus)(2007) Too Easy
9%
No matching quizzes found
Score Distribution
Percent of People with Each Score
Percentile by Number Answered
Your Score History
You have not taken this quiz